|
|
|
|
| LEADER |
03397nam a2200613 4500 |
| 001 |
978-3-319-49715-0 |
| 003 |
DE-He213 |
| 005 |
20191021232617.0 |
| 007 |
cr nn 008mamaa |
| 008 |
170830s2018 gw | s |||| 0|eng d |
| 020 |
|
|
|a 9783319497150
|9 978-3-319-49715-0
|
| 024 |
7 |
|
|a 10.1007/978-3-319-49715-0
|2 doi
|
| 040 |
|
|
|d GrThAP
|
| 050 |
|
4 |
|a TA349-359
|
| 072 |
|
7 |
|a TGMD
|2 bicssc
|
| 072 |
|
7 |
|a SCI096000
|2 bisacsh
|
| 072 |
|
7 |
|a TGMD
|2 thema
|
| 082 |
0 |
4 |
|a 531
|2 23
|
| 245 |
1 |
0 |
|a Lamb-Wave Based Structural Health Monitoring in Polymer Composites
|h [electronic resource] /
|c edited by Rolf Lammering, Ulrich Gabbert, Michael Sinapius, Thomas Schuster, Peter Wierach.
|
| 250 |
|
|
|a 1st ed. 2018.
|
| 264 |
|
1 |
|a Cham :
|b Springer International Publishing :
|b Imprint: Springer,
|c 2018.
|
| 300 |
|
|
|a XIV, 479 p. 286 illus., 201 illus. in color.
|b online resource.
|
| 336 |
|
|
|a text
|b txt
|2 rdacontent
|
| 337 |
|
|
|a computer
|b c
|2 rdamedia
|
| 338 |
|
|
|a online resource
|b cr
|2 rdacarrier
|
| 347 |
|
|
|a text file
|b PDF
|2 rda
|
| 490 |
1 |
|
|a Research Topics in Aerospace,
|x 2194-8240
|
| 505 |
0 |
|
|a Introduction -- Foundations -- Efficient Numerical Methods forWave Propagation Analysis -- Continuous Mode Conversion -- Signal Processing -- SHM - Systems.
|
| 520 |
|
|
|a The book focuses especially on the application of SHM technology to thin walled structural systems made from carbon fiber reinforced plastics. Here, guided elastic waves (Lamb-waves) show an excellent sensitivity to structural damages so that they are in the center of this book. It is divided into 4 sections dealing with analytical, numerical and experimental fundamentals, and subsequently with Lamb-wave propagation in fiber reinforced composites, SHM-systems and signal processing. The book is designed for engineering students as well as for researchers in the field of structural health monitoring and for users of this technology.
|
| 650 |
|
0 |
|a Mechanics.
|
| 650 |
|
0 |
|a Mechanics, Applied.
|
| 650 |
|
0 |
|a Ceramics.
|
| 650 |
|
0 |
|a Glass.
|
| 650 |
|
0 |
|a Composites (Materials).
|
| 650 |
|
0 |
|a Composite materials.
|
| 650 |
|
0 |
|a Aerospace engineering.
|
| 650 |
|
0 |
|a Astronautics.
|
| 650 |
1 |
4 |
|a Solid Mechanics.
|0 http://scigraph.springernature.com/things/product-market-codes/T15010
|
| 650 |
2 |
4 |
|a Ceramics, Glass, Composites, Natural Materials.
|0 http://scigraph.springernature.com/things/product-market-codes/Z18000
|
| 650 |
2 |
4 |
|a Aerospace Technology and Astronautics.
|0 http://scigraph.springernature.com/things/product-market-codes/T17050
|
| 700 |
1 |
|
|a Lammering, Rolf.
|e editor.
|4 edt
|4 http://id.loc.gov/vocabulary/relators/edt
|
| 700 |
1 |
|
|a Gabbert, Ulrich.
|e editor.
|4 edt
|4 http://id.loc.gov/vocabulary/relators/edt
|
| 700 |
1 |
|
|a Sinapius, Michael.
|e editor.
|4 edt
|4 http://id.loc.gov/vocabulary/relators/edt
|
| 700 |
1 |
|
|a Schuster, Thomas.
|e editor.
|4 edt
|4 http://id.loc.gov/vocabulary/relators/edt
|
| 700 |
1 |
|
|a Wierach, Peter.
|e editor.
|4 edt
|4 http://id.loc.gov/vocabulary/relators/edt
|
| 710 |
2 |
|
|a SpringerLink (Online service)
|
| 773 |
0 |
|
|t Springer eBooks
|
| 776 |
0 |
8 |
|i Printed edition:
|z 9783319497143
|
| 776 |
0 |
8 |
|i Printed edition:
|z 9783319497167
|
| 776 |
0 |
8 |
|i Printed edition:
|z 9783319842226
|
| 830 |
|
0 |
|a Research Topics in Aerospace,
|x 2194-8240
|
| 856 |
4 |
0 |
|u https://doi.org/10.1007/978-3-319-49715-0
|z Full Text via HEAL-Link
|
| 912 |
|
|
|a ZDB-2-ENG
|
| 950 |
|
|
|a Engineering (Springer-11647)
|